[Event "Reykjavik op"]
[Site "Reykjavik"]
[Date "2024.03.20"]
[Round "8"]
[White "Thorsteinsdottir, Hallgerdur"]
[Black "Joensen, Henrik W"]
[Result "1-0"]
[WhiteElo "1953"]
[BlackElo "1751"]
[PlyCount "49"]
[EventDate "2024.03.15"]
[EventType "swiss"]
[EventRounds "9"]
[EventCountry "ISL"]
[SourceTitle "CB13_2024"]
[SourceDate "2024.03.27"]
[SourceVersion "1"]
[SourceVersionDate "2024.03.27"]
[SourceQuality "1"]

1. e4 c5 2. Nf3 Nc6 3. Bb5 e6 4. 0-0 Nge7 5. d4 cxd4 6. Nxd4 a6 7. Be2 d5 8. Nxc6 bxc6 9. exd5 cxd5 10. c3 Nc6 11. Bf4 e5 12. Bg3 Be7 13. c4 Qb6 14. cxd5 Qxb2 15. Nd2 Nd8 16. Nc4 Qd4 17. Bxe5 Qxd1 18. Rfxd1 f6 19. Nb6 fxe5 20. Nxa8 0-0 21. d6 Bf6 22. Nb6 Nc6 23. Nxc8 Rxc8 24. Rac1 e4 25. Bxa6 1-0

[Event "EU-chT (Women) 24th"]
[Site "Budva"]
[Date "2023.11.18"]
[Round "7.4"]
[White "Thorsteinsdottir, Hallgerdur"]
[Black "Puuska, Heini"]
[Result "1/2-1/2"]
[WhiteElo "1943"]
[BlackElo "1928"]
[PlyCount "64"]
[EventDate "2023.11.11"]
[EventType "team-swiss"]
[EventRounds "9"]
[EventCountry "MNE"]
[SourceTitle "CB47_2023"]
[SourceDate "2023.11.22"]
[SourceVersion "1"]
[SourceVersionDate "2023.11.22"]
[SourceQuality "1"]
[WhiteTeam "Iceland (W)"]
[BlackTeam "Finland (W)"]
[WhiteTeamCountry "ISL"]
[BlackTeamCountry "FIN"]

1. e4 c5 2. Nf3 a6 3. c3 e6 4. d4 d5 5. exd5 exd5 6. g3 Nc6 7. Be3 c4 8. Bg2 Bd6 9. Qc1 Nge7 10. Bf4 Bf5 11. 0-0 0-0 12. Ng5 h6 13. Nh3 Qd7 14. Bxd6 Bxh3 15. Bxe7 Nxe7 16. Re1 Bxg2 17. Kxg2 Ng6 18. Nd2 Rfe8 19. Qd1 Rxe1 20. Qxe1 Re8 21. Qd1 Qe6 22. Nf3 Qg4 23. Kh1 Re6 24. Ng1 Qe4+ 25. f3 Qe3 26. Rc1 Ne7 27. Rc2 Qe1 28. Qxe1 Rxe1 29. Re2 Rxe2 30. Nxe2 g5 31. Kg2 f5 32. Kf2 Kf7 1/2-1/2

[Event "Titled Tuesday intern op 08th Aug Early"]
[Site "Chess.com INT"]
[Date "2023.08.08"]
[Round "2"]
[White "Thorsteinsdottir, Hallgerdur"]
[Black "Le, Tuan Minh"]
[Result "0-1"]
[WhiteElo "1972"]
[BlackElo "2559"]
[PlyCount "68"]
[EventDate "2023.08.08"]
[EventType "swiss (blitz)"]
[EventRounds "11"]
[EventCountry "USA"]
[SourceTitle "EXT 2024"]
[Source "ChessBase"]
[SourceDate "2023.10.10"]
[SourceVersion "1"]
[SourceVersionDate "2023.10.10"]
[SourceQuality "1"]

1. d4 Nc6 2. c4 e5 3. d5 Nce7 4. e4 d6 5. g3 f5 6. Bh3 Nf6 7. Nc3 fxe4 8. Bxc8 Qxc8 9. Bg5 Ng6 10. Bxf6 gxf6 11. Nxe4 Be7 12. Ne2 f5 13. N4c3 0-0 14. Qd2 f4 15. gxf4 Nxf4 16. Nxf4 Rxf4 17. Rg1+ Kh8 18. Qd3 Qf8 19. Rg2 Rf3 20. Qe4 Rf4 21. Qe2 Qh6 22. Nd1 Raf8 23. Ne3 Bh4 24. Ng4 Qg6 25. 0-0-0 Qe4 26. Qxe4 Rxe4 27. b3 h5 28. f3 Rxf3 29. Nh6 Kh7 30. Ng8 Rg4 31. Rxg4 hxg4 32. Rg1 Rf4 33. h3 Kxg8 34. hxg4 Kg7 0-1

[Event "Titled Tuesday intern op 14th Feb Early"]
[Site "Chess.com INT"]
[Date "2023.02.14"]
[Round "8"]
[White "Thorsteinsdottir, Hallgerdur"]
[Black "Pein, Jonathan"]
[Result "0-1"]
[WhiteElo "1981"]
[BlackElo "2256"]
[PlyCount "60"]
[EventDate "2023.02.14"]
[EventType "swiss (blitz)"]
[EventRounds "11"]
[EventCountry "USA"]
[SourceTitle "CBM 212 Extra"]
[Source "ChessBase"]
[SourceDate "2023.03.31"]
[SourceVersion "1"]
[SourceVersionDate "2023.03.31"]
[SourceQuality "1"]

1. d4 g6 2. c4 Bg7 3. Nc3 d6 4. e4 e5 5. Nge2 Nc6 6. Be3 Nge7 7. f3 f5 8. Qd2 f4 9. Bf2 a5 10. d5 Nb4 11. a3 Na6 12. Nc1 Bd7 13. Nd3 a4 14. c5 0-0 15. Be2 b6 16. c6 Bc8 17. Nxa4 g5 18. Nc3 h5 19. g3 Ng6 20. Kd1 Nc5 21. Kc2 Qf6 22. b4 Nxd3 23. Qxd3 g4 24. fxg4 hxg4 25. h4 f3 26. Bd1 Nf4 27. Qe3 Bh6 28. Qe1 Ng2 29. Qf1 Be3 30. Bxe3 Nxe3+ 0-1

[Event "Reykjavik Kvika op"]
[Site "Reykjavik"]
[Date "2022.04.11"]
[Round "8"]
[White "Lohia, Sohum"]
[Black "Thorsteinsdottir, Hallgerdur"]
[Result "1-0"]
[WhiteElo "2196"]
[BlackElo "1981"]
[PlyCount "155"]
[EventDate "2022.04.06"]
[EventType "swiss"]
[EventRounds "9"]
[EventCountry "ISL"]
[SourceTitle "CBM 207 Extra"]
[Source "ChessBase"]
[SourceDate "2022.05.31"]
[SourceVersion "1"]
[SourceVersionDate "2022.05.31"]
[SourceQuality "1"]

1. e4 c6 2. d4 d5 3. e5 c5 4. Nf3 Nc6 5. dxc5 e6 6. a3 Bxc5 7. b4 Bb6 8. Bb2 Nge7 9. Bd3 Ng6 10. g3 0-0 11. 0-0 Bd7 12. h4 Qc7 13. Qe2 f6 14. Bxg6 hxg6 15. c4 dxc4 16. Nbd2 a5 17. Nxc4 axb4 18. Nxb6 Qxb6 19. exf6 gxf6 20. axb4 Rxa1 21. Rxa1 Nxb4 22. Qe4 Kf7 23. h5 Rg8 24. Qf4 Nd5 25. Ng5+ Ke7 26. Ba3+ Ke8 27. Qb8+ Qd8 28. Qxd8+ Kxd8 29. Nf7+ Ke8 30. Nd6+ Kd8 31. h6 Be8 32. Rc1 Nc7 33. Nxb7+ Kd7 34. Nc5+ Kd8 35. Nb7+ Kd7 36. Nc5+ Kd8 37. Rd1+ Kc8 38. Bb2 e5 39. Rd6 Rf8 40. h7 Rh8 41. Rxf6 Rxh7 42. Bxe5 Kd8 43. Bxc7+ Kxc7 44. Ne6+ Kc8 45. Ng5 Re7 46. Kg2 Kd7 47. Kf3 Rg7 48. Kf4 Re7 49. Ra6 Re2 50. f3 Ke7 51. Ra7+ Kf6 52. Nh7+ Ke6 53. Ng5+ Kf6 54. g4 Rb2 55. Ne4+ Ke6 56. Nc5+ Kd6 57. Ne4+ Ke6 58. Ra6+ Ke7 59. Kg5 Rb3 60. Kf4 Rb4 61. Kg5 Rb3 62. Ra7+ Kf8 63. Kf4 Rb4 64. Rc7 Ra4 65. Rc5 Kg7 66. Kg5 Ra3 67. f4 Rb3 68. Nd6 Ba4 69. Rc7+ Kf8 70. Kxg6 Rb6 71. Rf7+ Kg8 72. Rf6 Bd1 73. g5 Bc2+ 74. f5 Ra6 75. Re6 Ba4 76. f6 Ra8 77. f7+ Kf8 78. Re8+ 1-0

[Event "Reykjavik Kvika op"]
[Site "Reykjavik"]
[Date "2022.04.09"]
[Round "5"]
[White "Marzik, Arne"]
[Black "Thorsteinsdottir, Hallgerdur"]
[Result "0-1"]
[WhiteElo "1446"]
[BlackElo "1981"]
[PlyCount "54"]
[EventDate "2022.04.06"]
[EventType "swiss"]
[EventRounds "9"]
[EventCountry "ISL"]
[SourceTitle "CBM 207 Extra"]
[Source "ChessBase"]
[SourceDate "2022.05.31"]
[SourceVersion "1"]
[SourceVersionDate "2022.05.31"]
[SourceQuality "1"]

1. d4 Nf6 2. Nf3 e6 3. g3 b6 4. c4 Bb7 5. Bg2 Be7 6. 0-0 0-0 7. Nc3 Ne4 8. Qc2 Nxc3 9. bxc3 f5 10. Bf4 Be4 11. Qb3 Nc6 12. a4 Kh8 13. d5 Na5 14. Qa2 Qc8 15. Rfd1 d6 16. Bg5 Bxg5 17. Nxg5 Bxg2 18. Kxg2 e5 19. Ne6 Rf6 20. Rab1 c6 21. Rd3 Qb7 22. Kg1 Rc8 23. f4 e4 24. Re3 cxd5 25. cxd5 Nc4 26. Nd8 Qxd5 27. Rb4 Nxe3 0-1

[Event "Titled Tuesday intern op 11th Jan"]
[Site "Chess.com INT"]
[Date "2022.01.11"]
[Round "6"]
[White "Thorsteinsdottir, Hallgerdur"]
[Black "Aketayeva, Dana"]
[Result "1/2-1/2"]
[WhiteElo "2032"]
[BlackElo "2130"]
[PlyCount "113"]
[EventDate "2022.01.11"]
[EventType "swiss (blitz)"]
[EventRounds "11"]
[EventCountry "USA"]
[SourceTitle "CBM 206 Extra"]
[Source "ChessBase"]
[SourceDate "2022.03.31"]
[SourceVersion "1"]
[SourceVersionDate "2022.03.31"]
[SourceQuality "1"]

1. e4 c5 2. Nf3 Nc6 3. Bb5 g6 4. c3 Bg7 5. 0-0 Nf6 6. Re1 0-0 7. e5 Nd5 8. d4 cxd4 9. cxd4 Nc7 10. Bf1 d6 11. Bf4 Ne6 12. Bg3 dxe5 13. dxe5 Qxd1 14. Rxd1 Ned4 15. Nxd4 Rd8 16. Nc3 Rxd4 17. Nb5 Rxd1 18. Rxd1 Bg4 19. f3 Bf5 20. f4 f6 21. exf6 Bxf6 22. Bc4+ Kf8 23. b3 Rc8 24. Bf2 a6 25. Na7 Nxa7 26. Bxa7 b5 27. Be2 Rc2 28. Bf3 Rxa2 29. Rd8+ Kg7 30. Bd5 Ra1+ 31. Kf2 e6 32. Rd7+ Kh6 33. Bc6 Ra2+ 34. Kf3 e5 35. g4 Bxd7 36. g5+ Bxg5 37. fxg5+ Kxg5 38. Bxd7 Rxh2 39. Be3+ Kf6 40. Bc8 Rb2 41. Bxa6 Rxb3 42. Ke4 h5 43. Bb6 g5 44. Bd8+ Kg6 45. Bc8 Rb4+ 46. Kxe5 h4 47. Bf5+ Kh5 48. Kf6 Rf4 49. Ke6 Rxf5 50. Kxf5 b4 51. Bxg5 b3 52. Bc1 h3 53. Kf4 Kh4 54. Kf3 h2 55. Kg2 b2 56. Bxb2 Kg4 57. Kxh2 1/2-1/2

[Event "Titled Tuesday intern op 11th Jan"]
[Site "Chess.com INT"]
[Date "2022.01.11"]
[Round "9"]
[White "Thorsteinsdottir, Hallgerdur"]
[Black "Stead, Kerry"]
[Result "1-0"]
[WhiteElo "2032"]
[BlackElo "1978"]
[PlyCount "75"]
[EventDate "2022.01.11"]
[EventType "swiss (blitz)"]
[EventRounds "11"]
[EventCountry "USA"]
[SourceTitle "CBM 206 Extra"]
[Source "ChessBase"]
[SourceDate "2022.03.31"]
[SourceVersion "1"]
[SourceVersionDate "2022.03.31"]
[SourceQuality "1"]

1. e4 e5 2. Nf3 Nc6 3. Bc4 Nf6 4. d3 h6 5. Nbd2 Bc5 6. Nf1 0-0 7. Ng3 Ng4 8. 0-0 d6 9. h3 Nf6 10. Re1 Ne7 11. c3 c6 12. Nh4 Kh7 13. Qf3 Be6 14. Bb3 Bb6 15. d4 Qd7 16. Nhf5 Nxf5 17. Nxf5 Bxf5 18. exf5 e4 19. Qf4 d5 20. Be3 Bc7 21. Qh4 Qxf5 22. g4 g5 23. Qxh6+ Kxh6 24. gxf5 Bf4 25. Bd1 Nh5 26. Bg4 f6 27. Kg2 Rh8 28. f3 Rae8 29. fxe4 Rxe4 30. Bxf4 Nxf4+ 31. Kg3 Rhe8 32. Rxe4 Rxe4 33. Rf1 Re3+ 34. Kf2 Rd3 35. h4 Rd2+ 36. Kg3 Rg2+ 37. Kf3 Rh2 38. hxg5+ 1-0

[Event "Titled Tuesday intern op 11th Jan"]
[Site "Chess.com INT"]
[Date "2022.01.11"]
[Round "8"]
[White "Winkels, Marcel"]
[Black "Thorsteinsdottir, Hallgerdur"]
[Result "1-0"]
[WhiteElo "1979"]
[BlackElo "2032"]
[PlyCount "63"]
[EventDate "2022.01.11"]
[EventType "swiss (blitz)"]
[EventRounds "11"]
[EventCountry "USA"]
[SourceTitle "CBM 206 Extra"]
[Source "ChessBase"]
[SourceDate "2022.03.31"]
[SourceVersion "1"]
[SourceVersionDate "2022.03.31"]
[SourceQuality "1"]

1. e4 c6 2. d4 d5 3. exd5 cxd5 4. c4 Nf6 5. Nc3 Nc6 6. Bg5 Qa5 7. Bxf6 gxf6 8. cxd5 Nb4 9. Bb5+ Bd7 10. Bxd7+ Kxd7 11. Nge2 Nxd5 12. 0-0 Bh6 13. Qb3 Nxc3 14. Qxb7+ Qc7 15. Qxc7+ Kxc7 16. bxc3 Rhg8 17. Ng3 Kd7 18. Rab1 Rab8 19. Nf5 Bd2 20. c4 e6 21. Ne3 Bc3 22. d5 e5 23. Rfc1 Bd4 24. Nf5 Bc5 25. Rb5 Rxb5 26. cxb5 Bb6 27. Rc6 Rg4 28. g3 Rb4 29. Rxf6 Rxb5 30. Rxf7+ Ke8 31. Nd6+ Kd8 32. Nxb5 1-0

[Event "EU-chT (Women) 23rd"]
[Site "Terme Catez"]
[Date "2021.11.12"]
[Round "1.14"]
[White "Roebers, Eline"]
[Black "Thorsteinsdottir, Hallgerdur"]
[Result "1-0"]
[WhiteElo "2304"]
[BlackElo "2010"]
[PlyCount "97"]
[EventDate "2021.11.12"]
[EventType "team-swiss"]
[EventRounds "9"]
[EventCountry "SLO"]
[SourceTitle "CBM 205"]
[Source "ChessBase"]
[SourceDate "2021.12.31"]
[SourceVersion "1"]
[SourceVersionDate "2021.12.31"]
[SourceQuality "1"]
[WhiteTeam "Netherlands (W)"]
[BlackTeam "Iceland (W)"]
[WhiteTeamCountry "NED"]
[BlackTeamCountry "ISL"]

1. e4 c6 2. Nc3 d5 3. Nf3 dxe4 4. Nxe4 Nf6 5. Qe2 Nxe4 6. Qxe4 Qa5 7. Bc4 Bf5 8. Qf4 e6 9. 0-0 Be7 10. Re1 0-0 11. c3 Bg6 12. d4 Nd7 13. Qg3 Nb6 14. Bb3 Nd5 15. Ne5 Rad8 16. Bd2 Bd6 17. Nc4 Qc7 18. Nxd6 Qxd6 19. Qxd6 Rxd6 20. c4 Nf6 21. Bb4 Rxd4 22. Bxf8 Kxf8 23. Rad1 Rxd1 24. Rxd1 Ke7 25. f3 Nd7 26. Rd2 Ne5 27. Kf2 f6 28. f4 Nd7 29. Bc2 Bxc2 30. Rxc2 c5 31. Rc3 Nb8 32. Rg3 Kf7 33. Rh3 h6 34. Rd3 Ke7 35. Kg3 Nc6 36. Kg4 g6 37. Kf3 b6 38. g4 Nb4 39. Ra3 Nc6 40. Kf2 e5 41. fxe5 Nxe5 42. Rxa7+ Ke6 43. Ra6 Nxg4+ 44. Kg3 Ne3 45. Rxb6+ Ke5 46. b3 g5 47. a4 f5 48. a5 f4+ 49. Kf2 1-0

[Event "EU-Cup Online Gr-C (Women)"]
[Site "Tornelo INT"]
[Date "2020.12.20"]
[Round "7.4"]
[White "Badelka, Olga"]
[Black "Thorsteinsdottir, Hallgerdur"]
[Result "1-0"]
[WhiteElo "2440"]
[BlackElo "2009"]
[PlyCount "43"]
[EventDate "2020.12.19"]
[EventType "team-tourn (rapid)"]
[EventRounds "7"]
[EventCountry "ISS"]
[SourceTitle "CBM 199 Extra"]
[Source "ChessBase"]
[SourceDate "2021.01.31"]
[SourceVersion "1"]
[SourceVersionDate "2021.01.31"]
[SourceQuality "1"]
[WhiteTeam "Ugra (W)"]
[BlackTeam "Huginn (W)"]
[WhiteTeamCountry "RUS"]
[BlackTeamCountry "ISL"]

1. d4 Nf6 2. c4 g6 3. Nf3 Bg7 4. g3 0-0 5. Bg2 d5 6. cxd5 Nxd5 7. 0-0 Nc6 8. e4 Nb6 9. d5 Na5 10. Nc3 c6 11. Nd4 cxd5 12. exd5 Nac4 13. b3 Nd6 14. Bb2 Bd7 15. a4 a5 16. Rc1 Nf5 17. Nxf5 Bxf5 18. Qd2 Qd7 19. Nb5 Rfc8 20. Bxg7 Rxc1 21. Rxc1 Kxg7 22. Qd4+ 1-0

[Event "EU-Cup Online Gr-C (Women)"]
[Site "Tornelo INT"]
[Date "2020.12.19"]
[Round "2.3"]
[White "Babiy, Olga"]
[Black "Thorsteinsdottir, Hallgerdur"]
[Result "0-1"]
[WhiteElo "2287"]
[BlackElo "2009"]
[PlyCount "74"]
[EventDate "2020.12.19"]
[EventType "team-tourn (rapid)"]
[EventRounds "7"]
[EventCountry "ISS"]
[SourceTitle "CBM 199 Extra"]
[Source "ChessBase"]
[SourceDate "2021.01.31"]
[SourceVersion "1"]
[SourceVersionDate "2021.01.31"]
[SourceQuality "1"]
[WhiteTeam "Bad Koenigshofen (W)"]
[BlackTeam "Huginn (W)"]
[WhiteTeamCountry "GER"]
[BlackTeamCountry "ISL"]

1. e4 c6 2. Nc3 d5 3. Nf3 Bg4 4. h3 Bxf3 5. Qxf3 dxe4 6. Nxe4 e6 7. c3 Nd7 8. d4 Ngf6 9. Bd3 Nxe4 10. Bxe4 Nf6 11. Bc2 Qd5 12. Qxd5 cxd5 13. Ba4+ Nd7 14. Bf4 a6 15. 0-0 b5 16. Bc2 Be7 17. Bd3 0-0 18. Rfe1 Rfc8 19. a3 Nb6 20. Re2 Nc4 21. Rae1 a5 22. Bc1 b4 23. axb4 axb4 24. f4 bxc3 25. bxc3 Bh4 26. Rf1 g6 27. Kh2 Ra1 28. g3 Be7 29. Ref2 Bd8 30. g4 Ba5 31. f5 Bxc3 32. fxg6 fxg6 33. Rf6 Bxd4 34. Rxe6 Ne5 35. Be3 Rxf1 36. Bxf1 Bxe3 37. Rxe5 Bf4+ 0-1

[Event "Online Olym Div2 D"]
[Site "Chess.com INT"]
[Date "2020.08.16"]
[Round "9.4"]
[White "Thorsteinsdottir, Hallgerdur"]
[Black "Medic, Mirjana"]
[Result "0-1"]
[WhiteElo "2009"]
[BlackElo "2210"]
[PlyCount "54"]
[EventDate "2020.08.14"]
[EventType "team-tourn (rapid)"]
[EventRounds "9"]
[EventCountry "USA"]
[SourceTitle "CBM 198"]
[Source "ChessBase"]
[SourceDate "2020.10.31"]
[SourceVersion "1"]
[SourceVersionDate "2020.10.31"]
[SourceQuality "1"]
[WhiteTeam "Iceland"]
[BlackTeam "Croatia"]
[WhiteTeamCountry "ISL"]
[BlackTeamCountry "CRO"]

1. e4 e6 2. d4 d5 3. Nd2 Nf6 4. e5 Nfd7 5. Bd3 c5 6. c3 Nc6 7. Ne2 a5 8. 0-0 a4 9. f4 g6 10. Nf3 cxd4 11. cxd4 Nb6 12. g4 h5 13. h3 hxg4 14. hxg4 Bd7 15. Kg2 Nb4 16. Bb1 Qc7 17. Nc3 a3 18. Qe2 axb2 19. Bxb2 Nc4 20. a3 Nc6 21. a4 Qb6 22. Nb5 Na7 23. Bc3 Nxb5 24. axb5 Rxa1 25. Bxa1 Bxb5 26. Rc1 Be7 27. Qc2 Ne3+ 0-1

[Event "Reykjavik op"]
[Site "Reykjavik"]
[Date "2018.03.12"]
[Round "7"]
[White "Thorsteinsdottir, Hallgerdur"]
[Black "Flynn, Jacob"]
[Result "1/2-1/2"]
[WhiteElo "2041"]
[BlackElo "1710"]
[PlyCount "75"]
[EventDate "2018.03.06"]
[EventType "swiss"]
[EventRounds "9"]
[EventCountry "ISL"]
[SourceTitle "CBM 183 Extra"]
[Source "ChessBase"]
[SourceDate "2018.04.19"]
[SourceVersion "1"]
[SourceVersionDate "2018.04.19"]
[SourceQuality "1"]

1. d4 d5 2. c4 e6 3. e3 Nf6 4. Nf3 Be7 5. Nc3 0-0 6. Bd3 a6 7. b3 Nbd7 8. 0-0 b6 9. Ne5 Bb7 10. Qc2 c5 11. Bb2 Rc8 12. Rac1 h6 13. Qe2 dxc4 14. bxc4 Rc7 15. a4 Qa8 16. f3 Qc8 17. Rfd1 Nb8 18. Ne4 Nc6 19. Nxf6+ Bxf6 20. Ng4 Be7 21. Bb1 Nb4 22. Qe1 Rd8 23. Qg3 Kf8 24. d5 exd5 25. Bxg7+ Kxg7 26. Ne5+ Kf8 27. Nxf7 Bh4 28. Qf4 Rxf7 29. Qxh6+ Kg8 30. Qxh4 Qc7 31. cxd5 Rxd5 32. Rxd5 Bxd5 33. Rd1 Qe7 34. Qg3+ Rg7 35. Qf4 Qg5 36. Qb8+ Kf7 37. Qc7+ Kg8 38. Qb8+ 1/2-1/2

[Event "Reykjavik op"]
[Site "Reykjavik"]
[Date "2018.03.06"]
[Round "1"]
[White "Thorsteinsdottir, Hallgerdur"]
[Black "L'Ami, Alina"]
[Result "0-1"]
[WhiteElo "2041"]
[BlackElo "2306"]
[PlyCount "106"]
[EventDate "2018.03.06"]
[EventType "swiss"]
[EventRounds "9"]
[EventCountry "ISL"]
[SourceTitle "CBM 183 Extra"]
[Source "ChessBase"]
[SourceDate "2018.04.19"]
[SourceVersion "1"]
[SourceVersionDate "2018.04.19"]
[SourceQuality "1"]

1. e4 c5 2. Nf3 d6 3. Bb5+ Bd7 4. Bxd7+ Nxd7 5. 0-0 Ngf6 6. Qe2 e6 7. b3 Be7 8. Bb2 0-0 9. d4 d5 10. exd5 Nxd5 11. c4 Nf4 12. Qe4 Qc7 13. Ne5 Ng6 14. Nxd7 Qxd7 15. dxc5 Bxc5 16. Ba3 Bd4 17. Bxf8 Rxf8 18. Na3 Bxa1 19. Rxa1 Rd8 20. h3 Qd2 21. Qe1 Nf4 22. Nb5 a6 23. Qxd2 Rxd2 24. Nc3 Kf8 25. Ne4 Rd7 26. Re1 Ke7 27. g3 Nd3 28. Rd1 Nb4 29. Rxd7+ Kxd7 30. Nc3 Kd6 31. Kf1 f5 32. Ke2 e5 33. Kd2 e4 34. a3 Nc6 35. b4 Ke5 36. Ne2 Nd4 37. Nf4 g5 38. Nd5 f4 39. gxf4+ gxf4 40. a4 Nf3+ 41. Kd1 h5 42. a5 h4 43. Ne7 e3 44. b5 Ke4 45. fxe3 fxe3 46. Nd5 Nd4 47. bxa6 bxa6 48. Nb4 Nb3 49. Nxa6 Nxa5 50. c5 Nc6 51. Nc7 Nd4 52. Ke1 Kd3 53. Nd5 Nc2+ 0-1